000 00507nam a22001937a 4500
003 FEu
005 20140310182811.0
008 130219t xxu||||| |||| 00| 0 eng d
020 _a9789719192442
050 _aRT 98
_b.N877 2009
245 _aNursing practice in the community /
_cAraceli S. Maglaya- editor
250 _a5th ed.
260 _aMarikina City :
_bArgonauta Corporation,
_c2009.
300 _a450 p. :
_c25 cm.
521 _aNUR
562 _e1
942 _2lcc
_cBK
_kLOC
999 _c16174
_d16174